000 00909nam a22002297a 4500
005 20240530110445.0
008 150427s2012 ua g 000 0dara d
017 _a2012/2967
_bمصر . دار الكتب المصرية
020 _a9789772071166
040 _aEG-CaGPL
082 0 4 _221
_a214.27\
_bأ ب
100 0 _aاحمد الخميسى
245 1 2 _aالباب المغلق بين الاقباط و المسلمين /
_cاحمد الخميسى
260 _aالقاهرة :
_bالهيئة المصرية العامة للكتاب ،
_c2012 .
300 _a175 ص ؛
_c19 سم .
650 0 4 _aالاسلام و المسيحية
650 0 4 _aالدين و الدولة
650 0 4 _aالمسيحيون
_xالاحوال السياسية
_zمصر
650 0 4 _aالمسيحيون
_xالاحوال الاجتماعية
_zمصر
942 _2ddc
_cBK
999 _c61128
_d61128